Super Stick Figures Quiz Stats

 Plays Quiz Updated Aug 12, 2018

Score 0/20 Timer 07:00
13 Plays Today
% Correct
Superman
99.1%
The Flash
97.7%
Wolverine
92.6%
Spider-Man
92.1%
Batman
92%
Ant-Man
91.1%
Deadpool
87.8%
Green Goblin
85.4%
Hellboy
83.7%
Venom
83.6%
% Correct
The Scarecrow
82.6%
Invisible Woman
74.4%
Thanos
72.9%
Ghost Rider
72.1%
Nightcrawler
61.6%
Deathstroke
46.9%
The Wonder Twins
43.5%
Spawn
40.5%
Black Manta
33.1%
Etrigan the Demon
13.2%

You're not logged in!

Compare scores with friends on all Sporcle quizzes.
OR
Log In

Sporcle TV

Today on Sporcle TV


Watch our educational content, quiz creation guides, and fun videos on Sporcle TV.

Show Comments

Extras

Top Quizzes Today


Score Distribution

Your Account Isn't Verified!

In order to create a playlist on Sporcle, you need to verify the email address you used during registration. Go to your Sporcle Settings to finish the process.

Report this User

Report this user for behavior that violates our Community Guidelines.

Details: